00299nam a2200109 a 4500008004100000020001500041050001800056100002200074245005200096260003200148350000900180120416s0000 ||||||||||||||||| || u a0070327785 aLB 1027.5 Jon aJones, Joan Simon10aSolving life problems in occupation knowledge 2 aNew YorkbMcGraw-Hillc1980 a0.00